Tilastot visalle Slovakia... vai Slovenia?

Klikkaa tästä pelataksesi tätä visaa!

Yleistilastot

  • Tätä visaa on pelattu 895 kertaa
  • Keskiarvotulos 11 / 17

Vastaustilastot

KysymysVastaus% Oikein
Sijaitsee rannikollaSlovenia
90%
Sen pääkaupunki on LjubljanaSlovenia
87%
Sisältää Euroopan maantieteellisen keskipisteenSlovakia
86%
Italian naapurimaaSlovenia
85%
Oli aiemmin osa JugoslaviaaSlovenia
75%
On osa Euroopan unioniaMolemmat
74%
Sen lipussa on punainen, valkoinen ja sininen raita sekä tunnusMolemmat
69%
Sen pääkaupunki sijaitsee Tonavan varrellaSlovakia
68%
Sen pääkaupunki sijaitee vain 55 kilometrin päässä Wienistä.Slovakia
66%
Sen toiseksi suurin kaupunki on KošiceSlovakia
65%
Sillä on alueita AlpeillaSlovenia
61%
Melania Trumpin syntymämaaSlovenia
59%
Itsenäistyi 1990-luvullaMolemmat
57%
Sillä on alueita KarpaateillaSlovakia
57%
Pidetään slaavilaisena valtionaMolemmat
49%
Yli 25 % maasta on metsien peitossaMolemmat
34%
Alhainen hedelmällisyysluku ( alle 1,5 syntynyttä lasta naista kohden )Molemmat
26%

Tulosjakauma

Persentiili vastausten määrän mukaan

Jokaisen tuloksen saaneiden osuus

Tuloshistoriasi

Et ole pelannut tätä visaa